| 000 | 00723nam a22002177a 4500 | ||
|---|---|---|---|
| 003 | 0 | ||
| 005 | 20250822163122.0 | ||
| 008 | 250822b xxu||||| |||| 00| 0 eng d | ||
| 020 | _a978-1-03-252622-5 | ||
| 050 |
_aHD 58.7 _b.M48 2025 |
||
| 100 |
_aMetcalfe, Hugo, _eauthor. |
||
| 245 |
_aCulture by design : _bpractical strategies for wellbeing, engagement and growth / _cHugo Metcalfe. |
||
| 260 |
_aNew York, NY : _bRoutledge, _c2025. |
||
| 300 |
_axiv, 166 pages : _billustrations ; _c24 cm. |
||
| 504 | _aIncludes bibliographical references and index. | ||
| 650 | _aCorporate culture. | ||
| 650 | _aOrganizational sociology. | ||
| 650 | _aEmployee motivation. | ||
| 650 | _aQuality of work life. | ||
| 942 |
_2lcc _cBK |
||
| 999 |
_c367596 _d367596 |
||